[Event "Ulaanbaatar MICA op"]
[Site "Ulaanbaatar"]
[Date "2023.10.29"]
[Round "4"]
[White "Rudovskii, Filipp"]
[Black "Agibileg, Uurtsaikh"]
[Result "0-1"]
[WhiteElo "2037"]
[BlackElo "2441"]
[PlyCount "75"]
[EventDate "2023.10.27"]
[EventType "swiss"]
[EventRounds "9"]
[EventCountry "MGL"]
[SourceTitle "CB48_2023"]
[SourceDate "2023.11.29"]
[SourceVersion "1"]
[SourceVersionDate "2023.11.29"]
[SourceQuality "1"]

1. e4 e5 2. Nf3 Nc6 3. d4 exd4 4. Nxd4 Nf6 5. Nxc6 bxc6 6. e5 Qe7 7. Qe2 Nd5 8. c4 Ba6 9. b3 g6 10. f4 g5 11. g3 gxf4 12. Qe4 Nb4 13. Nc3 d5 14. cxd5 Qc5 15. Na4 Qc2 16. Qxc2 Nxc2+ 17. Kd1 Bxf1 18. Kxc2 Bg2 19. Rg1 f3 20. Be3 cxd5 21. Bd4 h5 22. Kd2 h4 23. Rac1 Bh6+ 24. Be3 0-0-0 25. Nc5 Bxe3+ 26. Kxe3 d4+ 27. Kf4 d3 28. Ne4 h3 29. Nf2 d2 30. Rc4 d1Q 31. Nxd1 Rd2 32. Ne3 Rhd8 33. Rgc1 R8d4+ 34. Rxd4 Rxd4+ 35. Kf5 f2 36. Nf1 Kd8 37. Kf6 Ke8 38. Rxc7 0-1

[Event "EU-ch Hybrid U18"]
[Site "Tornelo INT"]
[Date "2021.10.15"]
[Round "5"]
[White "Elmi, Saad Abobaker"]
[Black "Rudovskii, Filipp"]
[Result "1-0"]
[WhiteElo "1822"]
[BlackElo "2199"]
[PlyCount "95"]
[EventDate "2021.10.15"]
[EventType "swiss"]
[EventRounds "9"]
[EventCountry "NET"]
[SourceTitle "EXT 2023"]
[Source "ChessBase"]
[SourceDate "2022.10.05"]
[SourceVersion "1"]
[SourceVersionDate "2022.10.05"]
[SourceQuality "1"]
[WhiteTeam "Norway"]
[BlackTeam "Russia"]
[WhiteTeamCountry "NOR"]
[BlackTeamCountry "RUS"]

1. e4 c5 2. Nf3 e6 3. d4 cxd4 4. Nxd4 Nf6 5. Nc3 Nc6 6. Ndb5 d6 7. Bf4 e5 8. Bg5 a6 9. Bxf6 gxf6 10. Na3 b5 11. Nd5 Be6 12. c3 Bg7 13. g3 0-0 14. Bg2 Ne7 15. Ne3 Rb8 16. Nac2 f5 17. exf5 Nxf5 18. 0-0 Qd7 19. Bd5 Ne7 20. Bxe6 fxe6 21. Qg4 d5 22. Rad1 Kh8 23. Nb4 Qd6 24. Rfe1 a5 25. Nbc2 Nc6 26. Nf1 Rf6 27. Re2 Qc5 28. Qg5 Rbf8 29. Qe3 d4 30. Qd2 Bh6 31. Qe1 Rf3 32. cxd4 exd4 33. Nd2 R3f7 34. Nb3 Qb6 35. Nbxd4 Nxd4 36. Nxd4 e5 37. Nc2 Bg7 38. Ne3 e4 39. Ng4 Bd4 40. Qd2 Rd7 41. Qc2 b4 42. Kg2 e3 43. Nxe3 Qb7+ 44. Kg1 Qf3 45. Rde1 h5 46. Ng2 Rh7 47. Nh4 Qg4 48. Ng6+ 1-0

[Event "RUS-ch Higher League 74th"]
[Site "Cheboksary"]
[Date "2021.07.04"]
[Round "8"]
[White "Gitelson, Arkady"]
[Black "Rudovskii, Filipp"]
[Result "1-0"]
[WhiteElo "2230"]
[BlackElo "2260"]
[PlyCount "51"]
[EventDate "2021.06.26"]
[EventType "swiss"]
[EventRounds "9"]
[EventCountry "RUS"]
[SourceTitle "CBM 203 Extra"]
[Source "ChessBase"]
[SourceDate "2021.09.30"]
[SourceVersion "1"]
[SourceVersionDate "2021.09.30"]
[SourceQuality "1"]

1. d4 Nf6 2. Nc3 d5 3. Bf4 a6 4. e3 e6 5. g4 Bb4 6. f3 c5 7. a3 Ba5 8. dxc5 Bxc3+ 9. bxc3 Qa5 10. Bd6 Nfd7 11. Qd4 e5 12. Qb4 Qd8 13. Ne2 Qh4+ 14. Ng3 Nc6 15. Qb3 Nf6 16. 0-0-0 g6 17. e4 dxe4 18. Bc4 Qg5+ 19. Kb1 Nd8 20. Rhe1 h5 21. Nxe4 Nxe4 22. Rxe4 f6 23. Qb6 Bd7 24. h4 Qxh4 25. Bxe5 fxe5 26. Qxg6+ 1-0

[Event "Sitges Sunway online op"]
[Site "Chess.com INT"]
[Date "2020.04.27"]
[Round "9"]
[White "Rudovskii, Filipp"]
[Black "Baskin, Robert"]
[Result "1/2-1/2"]
[WhiteElo "2158"]
[BlackElo "2390"]
[PlyCount "59"]
[EventDate "2020.04.19"]
[EventType "swiss"]
[EventRounds "9"]
[EventCountry "ESP"]
[SourceTitle "EXT 2021"]
[Source "ChessBase"]
[SourceDate "2020.10.23"]
[SourceVersion "1"]
[SourceVersionDate "2020.10.23"]
[SourceQuality "1"]

1. e4 c5 2. c3 d5 3. exd5 Qxd5 4. d4 Nf6 5. Nf3 Nc6 6. Na3 Bg4 7. Be2 cxd4 8. Nb5 0-0-0 9. Nbxd4 e5 10. Nxc6 Qxc6 11. Qb3 Be6 12. Qb5 Qxb5 13. Bxb5 h6 14. Be3 Kb8 15. Ba4 Ng4 16. Bb3 Bxb3 17. axb3 Nxe3 18. fxe3 Bc5 19. Ke2 Rhe8 20. Rhd1 Rxd1 21. Rxd1 e4 22. Nd4 g6 23. g4 a6 24. Rf1 Re7 25. h4 Bd6 26. h5 Be5 27. hxg6 fxg6 28. Rf8+ Ka7 29. Rg8 Bg7 30. Rd8 1/2-1/2

[Event "Chigorin Memorial 27th"]
[Site "St Petersburg"]
[Date "2019.10.13"]
[Round "9"]
[White "Yandarbiev, Ruslan"]
[Black "Rudovskii, Filipp"]
[Result "1/2-1/2"]
[WhiteElo "2278"]
[BlackElo "2120"]
[PlyCount "78"]
[EventDate "2019.10.05"]
[EventType "swiss"]
[EventRounds "9"]
[EventCountry "RUS"]
[SourceTitle "EXT 2021"]
[Source "ChessBase"]
[SourceDate "2020.10.23"]
[SourceVersion "1"]
[SourceVersionDate "2020.10.23"]
[SourceQuality "1"]

1. e4 c5 2. Nf3 e6 3. d4 cxd4 4. Nxd4 Nc6 5. Nc3 Nf6 6. Nxc6 bxc6 7. e5 Nd5 8. Ne4 Qc7 9. f4 Qb6 10. c4 Bb4+ 11. Ke2 f5 12. Nf2 Ba6 13. Kf3 Ne7 14. Be3 Bc5 15. Bxc5 Qxc5 16. Qd6 Qa5 17. Be2 c5 18. Rhd1 Kf7 19. Ke3 Rhd8 20. Bh5+ g6 21. Bf3 Rab8 22. b3 Nc6 23. Qd2 Nb4 24. Nd3 Qc7 25. Nxb4 Rxb4 26. Qd6 Qc8 27. h4 Rb6 28. Qd2 Qc7 29. Qc3 Bb7 30. h5 Bxf3 31. gxf3 d5 32. exd6 Rbxd6 33. hxg6+ hxg6 34. Qe5 g5 35. Rxd6 Rxd6 36. Qh8 gxf4+ 37. Ke2 Qa5 38. Qh5+ Ke7 39. Qg5+ Kd7 1/2-1/2

[Event "Chigorin Memorial 27th"]
[Site "St Petersburg"]
[Date "2019.10.06"]
[Round "2"]
[White "Rudovskii, Filipp"]
[Black "Suleymenov, Alisher"]
[Result "1/2-1/2"]
[WhiteElo "2120"]
[BlackElo "2370"]
[PlyCount "91"]
[EventDate "2019.10.05"]
[EventType "swiss"]
[EventRounds "9"]
[EventCountry "RUS"]
[SourceTitle "EXT 2020"]
[Source "ChessBase"]
[SourceDate "2019.10.17"]
[SourceVersion "1"]
[SourceVersionDate "2019.10.17"]
[SourceQuality "1"]

1. e4 e6 2. d4 d5 3. Nc3 Bb4 4. exd5 exd5 5. Bd3 Nc6 6. a3 Ba5 7. Be3 Nf6 8. h3 0-0 9. Qf3 Bxc3+ 10. bxc3 Na5 11. Ne2 Nc4 12. Bg5 c6 13. 0-0 h6 14. Bxf6 Qxf6 15. Qxf6 gxf6 16. Ng3 Nd6 17. Rfe1 Be6 18. Re3 f5 19. Rf3 Ne4 20. Re1 Rae8 21. Nxf5 Bxf5 22. Rxf5 Nxc3 23. Rfe5 Rxe5 24. Rxe5 a5 25. Re3 Rb8 26. Bh7+ Kxh7 27. Rxc3 Re8 28. Re3 Rxe3 29. fxe3 Kg6 30. Kf2 Kf5 31. Kf3 h5 32. g3 b6 33. c3 a4 34. g4+ hxg4+ 35. hxg4+ Kg5 36. Kg3 f6 37. Kf3 f5 38. gxf5 Kxf5 39. Kf2 Ke4 40. Ke2 c5 41. dxc5 bxc5 42. Kd2 Ke5 43. c4 d4 44. Kd3 dxe3 45. Kxe3 Kf5 46. Kf3 1/2-1/2

[Event "St Petersburg Korchnoi Memorial op"]
[Site "St Petersburg"]
[Date "2019.08.17"]
[Round "4"]
[White "Rudovskii, Filipp"]
[Black "Lobanov, Sergei"]
[Result "1/2-1/2"]
[WhiteElo "2264"]
[BlackElo "2495"]
[PlyCount "59"]
[EventDate "2019.08.14"]
[EventType "swiss"]
[EventRounds "9"]
[EventCountry "RUS"]
[SourceTitle "CBM 192"]
[Source "ChessBase"]
[SourceDate "2019.10.31"]
[SourceVersion "1"]
[SourceVersionDate "2019.10.31"]
[SourceQuality "1"]

1. e4 c6 2. b3 d5 3. exd5 cxd5 4. Bb2 Nc6 5. Nf3 Nf6 6. Bb5 a6 7. Bxc6+ bxc6 8. Ne5 Qc7 9. 0-0 e6 10. c4 Bd6 11. d4 c5 12. cxd5 Nxd5 13. Re1 0-0 14. dxc5 Bxc5 15. Nd2 f6 16. Nd3 Bd6 17. Rc1 Qf7 18. Ne4 Bc7 19. Qf3 Rd8 20. h4 h5 21. Nb4 Nxb4 22. Rxc7 Qxc7 23. Nxf6+ gxf6 24. Qxf6 Kh7 25. Be5 Nd5 26. Qf3 Qe7 27. Qxh5+ Kg8 28. Qh8+ Kf7 29. Qh5+ Kg8 30. Qh8+ 1/2-1/2

[Event "St Petersburg Korchnoi Memorial op"]
[Site "St Petersburg"]
[Date "2019.08.15"]
[Round "2"]
[White "Rudovskii, Filipp"]
[Black "Kumargaliev, Marsel"]
[Result "1/2-1/2"]
[WhiteElo "2264"]
[BlackElo "2063"]
[PlyCount "46"]
[EventDate "2019.08.14"]
[EventType "swiss"]
[EventRounds "9"]
[EventCountry "RUS"]
[SourceTitle "CBM 192"]
[Source "ChessBase"]
[SourceDate "2019.10.31"]
[SourceVersion "1"]
[SourceVersionDate "2019.10.31"]
[SourceQuality "1"]

1. e4 e6 2. d4 d5 3. Nc3 Bb4 4. Bd3 dxe4 5. Bxe4 Nf6 6. Bg5 Nbd7 7. Qd3 c5 8. Nge2 Qa5 9. Bxf6 Nxf6 10. Bf3 0-0 11. 0-0 cxd4 12. Qxd4 e5 13. Qh4 Bf5 14. a3 Be7 15. Be4 Nxe4 16. Qxe7 Nxc3 17. Nxc3 Bxc2 18. b4 Qa6 19. Qxe5 Rfe8 20. Qg5 h6 21. Qd2 Qd3 22. Qxd3 Bxd3 23. Rfd1 Rad8 1/2-1/2

[Event "Riga RTU rapid op"]
[Site "Riga"]
[Date "2019.07.04"]
[Round "3"]
[White "Maltsevskaya, Aleksandra"]
[Black "Rudovskii, Filipp"]
[Result "1-0"]
[WhiteElo "2321"]
[BlackElo "2127"]
[PlyCount "133"]
[EventDate "2019.07.04"]
[EventType "swiss (rapid)"]
[EventRounds "9"]
[EventCountry "LAT"]
[SourceTitle "EXT 2020"]
[Source "ChessBase"]
[SourceDate "2019.10.17"]
[SourceVersion "1"]
[SourceVersionDate "2019.10.17"]
[SourceQuality "1"]

1. Nf3 Nf6 2. g3 g6 3. Bg2 Bg7 4. 0-0 0-0 5. d4 d5 6. c4 Nc6 7. cxd5 Nxd5 8. Nc3 Nb6 9. e3 Bg4 10. h3 Bxf3 11. Qxf3 e5 12. dxe5 Bxe5 13. Qe2 Qe7 14. Bd2 Rad8 15. Rfd1 Nb4 16. Be1 c6 17. a3 N4d5 18. Nxd5 Nxd5 19. Bxd5 Rxd5 20. Rxd5 cxd5 21. Bb4 Bd6 22. Bxd6 Qxd6 23. Rd1 Qc5 24. Rd4 Rd8 25. Qd2 f5 26. Kg2 Rd6 27. g4 fxg4 28. hxg4 Qc8 29. Rf4 Qe6 30. Qd4 b6 31. Qd1 Rc6 32. Qf3 Kg7 33. Rd4 Rd6 34. Qf4 Rd7 35. Qf3 h6 36. Qd1 Rf7 37. Rxd5 Qe4+ 38. Kg3 Kh7 39. Rd4 Qe5+ 40. Kg2 Qf6 41. Rf4 Qc6+ 42. Qf3 Qxf3+ 43. Kxf3 Rc7 44. Rd4 Kg7 45. Ke2 Kf6 46. f4 h5 47. gxh5 gxh5 48. Kf3 Rc2 49. Rd6+ Ke7 50. Rh6 Rxb2 51. Rxh5 Kf6 52. Rh6+ Kg7 53. Rc6 a5 54. a4 Rb4 55. e4 b5 56. axb5 Rxb5 57. Ra6 Kf7 58. Kg4 Ke7 59. e5 Kf7 60. Kf5 Ke7 61. Ra7+ Kd8 62. Kf6 Rb4 63. f5 a4 64. e6 Re4 65. e7+ Ke8 66. Ra8+ Kd7 67. Rd8+ 1-0

[Event "Riga RTU rapid op"]
[Site "Riga"]
[Date "2019.07.04"]
[Round "8"]
[White "Reizniece Ozola, Dana"]
[Black "Rudovskii, Filipp"]
[Result "1-0"]
[WhiteElo "2261"]
[BlackElo "2127"]
[PlyCount "61"]
[EventDate "2019.07.04"]
[EventType "swiss (rapid)"]
[EventRounds "9"]
[EventCountry "LAT"]
[SourceTitle "EXT 2020"]
[Source "ChessBase"]
[SourceDate "2019.10.17"]
[SourceVersion "1"]
[SourceVersionDate "2019.10.17"]
[SourceQuality "1"]

1. c4 Nf6 2. Nc3 d5 3. cxd5 Nxd5 4. g3 g6 5. Bg2 Nb6 6. Nf3 Bg7 7. h4 h5 8. 0-0 0-0 9. d4 Nc6 10. d5 Na5 11. Ng5 Nac4 12. Qc2 Bf5 13. e4 Bg4 14. b3 Ne5 15. f4 Ned7 16. Bb2 c6 17. dxc6 bxc6 18. e5 Nc5 19. Nce4 Nd3 20. Bc3 Nc8 21. Kh2 f6 22. Rad1 Bxd1 23. Rxd1 fxg5 24. Rxd3 Qe8 25. Nxg5 e6 26. Bb4 Ne7 27. Bxe7 Qxe7 28. Rd6 Rf5 29. Rxe6 Qf8 30. Rxg6 Rd8 31. Ne6 1-0

[Event "St Petersburg Korchnoi Memorial op"]
[Site "St Petersburg"]
[Date "2018.08.23"]
[Round "9"]
[White "Rudovskii, Filipp"]
[Black "Nuritdinov, Nizomitdin"]
[Result "1-0"]
[WhiteElo "2052"]
[BlackElo "1798"]
[PlyCount "30"]
[EventDate "2018.08.15"]
[EventType "swiss"]
[EventRounds "9"]
[EventCountry "RUS"]
[SourceTitle "CBM 186 Extra"]
[Source "ChessBase"]
[SourceDate "2018.08.24"]
[SourceVersion "1"]
[SourceVersionDate "2018.08.24"]
[SourceQuality "1"]

1. e4 d6 2. d4 Nf6 3. Nc3 g6 4. f3 Bg7 5. Be3 c6 6. Qd2 h5 7. Bd3 Nbd7 8. Nge2 e5 9. d5 c5 10. Nb5 Nb6 11. Qa5 Bh6 12. Bf2 0-0 13. c4 Ne8 14. b4 cxb4 15. c5 Qg5 1-0

[Event "St Petersburg Korchnoi Memorial op"]
[Site "St Petersburg"]
[Date "2018.08.17"]
[Round "3"]
[White "Rudovskii, Filipp"]
[Black "Khakimov, Timur"]
[Result "0-1"]
[WhiteElo "2052"]
[BlackElo "2284"]
[PlyCount "48"]
[EventDate "2018.08.15"]
[EventType "swiss"]
[EventRounds "9"]
[EventCountry "RUS"]
[SourceTitle "CBM 186 Extra"]
[Source "ChessBase"]
[SourceDate "2018.08.24"]
[SourceVersion "1"]
[SourceVersionDate "2018.08.24"]
[SourceQuality "1"]

1. e4 e5 2. Nf3 Nc6 3. d4 exd4 4. Nxd4 Bb4+ 5. c3 Bc5 6. Be3 Bb6 7. Bb5 Nf6 8. Nd2 0-0 9. 0-0 Re8 10. Qc2 Ng4 11. h3 Nxe3 12. fxe3 Qg5 13. Qb3 d5 14. Rf3 Bd7 15. exd5 Nxd4 16. cxd4 Bxb5 17. Qxb5 Rxe3 18. Qc4 Re7 19. Nb1 Re1+ 20. Kh2 Rc1 21. Nc3 Rxa1 22. d6 Qg6 23. dxc7 Qd6+ 24. g3 Qxc7 0-1

[Event "Pardubice Czech op-A 29th"]
[Site "Pardubice"]
[Date "2018.07.25"]
[Round "6"]
[White "Rudovskii, Filipp"]
[Black "Cerveny, Martin"]
[Result "1-0"]
[WhiteElo "1944"]
[BlackElo "2359"]
[PlyCount "115"]
[EventDate "2018.07.20"]
[EventType "swiss"]
[EventRounds "9"]
[EventCountry "CZE"]
[SourceTitle "CBM 185 Extra"]
[Source "ChessBase"]
[SourceDate "2018.07.29"]
[SourceVersion "1"]
[SourceVersionDate "2018.07.29"]
[SourceQuality "1"]

1. e4 c5 2. d4 cxd4 3. c3 d3 4. Bxd3 Nc6 5. Nf3 d6 6. 0-0 g6 7. Bc4 Bg7 8. Bf4 Nf6 9. Nbd2 0-0 10. Rc1 h6 11. h3 Kh7 12. Bh2 e5 13. b4 Qe7 14. Bb3 Be6 15. Ne1 Rad8 16. Nd3 g5 17. Qe2 h5 18. Bc2 Bh6 19. f4 gxf4 20. Nxf4 Kg7 21. Nd5 Bxd5 22. exd5 Nb8 23. Bg3 Ng8 24. Qe4 f5 25. Rxf5 Rxf5 26. Qxf5 Bxd2 27. Rf1 Kh8 28. Bh4 Qd7 29. Bxd8 Qxf5 30. Rxf5 Kg7 31. Bc7 Nd7 32. Bxd6 Bxc3 33. Rxh5 Ngf6 34. Rg5+ Kf7 35. Bg6+ Kg7 36. Bf5+ Kh6 37. Rg6+ Kh5 38. g4+ Kh4 39. Kg2 Nxd5 40. Bxd7 Nf4+ 41. Kh2 Nxg6 42. Be8 Kg5 43. Bxg6 Kxg6 44. Kg3 Kf6 45. b5 Ke6 46. Bb8 Bd4 47. Kf3 Kd5 48. g5 e4+ 49. Kf4 a6 50. bxa6 bxa6 51. h4 Bg1 52. g6 Bd4 53. h5 e3 54. Kf3 Ke6 55. Bf4 Kf5 56. Bxe3 Bg7 57. Bd2 Bd4 58. Ke2 1-0